MARC

Tag First Indicator Second Indicator Subfields
LEADER 00000cam a22000004a 4500
001 in00002465613
005 20151110120810.0
008 081016s2009 enka b 001 0 eng
010 |a  2008043676 
020 |a 9780521833950 (hardback) 
020 |a 0521833957 (hardback) 
020 |a 9780521541770 (pbk.) 
020 |a 0521541778 (pbk.) 
029 1 |a CDX  |b 9029481 
035 |a (OCoLC)ocn263604717 
035 |a (OCoLC)263604717 
040 |a DLC  |c DLC  |d BTCTA  |d YDXCP  |d YDX  |d C#P  |d CDX  |d UtOrBLW 
043 |a n-us---  |a n-usu-- 
049 |a TXAM 
050 0 0 |a E449  |b .B7155 2009 
082 0 0 |a 326.0973  |2 22 
100 1 |a Bonner, Robert E.,  |d 1967- 
245 1 0 |a Mastering America :  |b Southern slaveholders and the crisis of American nationhood /  |c Robert E. Bonner. 
264 1 |a Cambridge ;  |a New York :  |b Cambridge University Press,  |c 2009. 
300 |a xxii, 346 pages :  |b illustrations ;  |c 23 cm. 
336 |a text  |b txt  |2 rdacontent 
337 |a unmediated  |b n  |2 rdamedia 
338 |a volume  |b nc  |2 rdacarrier 
490 1 |a Cambridge studies on the American South 
504 |a Includes bibliographical references and index. 
650 0 |a Slavery  |x Political aspects  |z United States  |x History  |y 19th century. 
650 0 |a Slaveholders  |z Southern States  |x Political activity  |x History  |y 19th century. 
650 0 |a Slavery  |z United States  |x Justification  |x History  |y 19th century. 
651 0 |a United States  |x Territorial expansion. 
650 0 |a Imperialism  |x History  |y 19th century. 
650 0 |a Geopolitics  |x History  |y 19th century. 
650 0 |a Federal government  |z United States  |x History  |y 19th century. 
650 0 |a Nationalism  |z United States  |x History  |y 19th century. 
650 0 |a Nationalism  |z Southern States  |x History  |y 19th century. 
650 0 |a Secession  |z Southern States. 
830 0 |a Cambridge studies on the American South. 
938 |a Baker and Taylor  |b BTCP  |n BK0008019125 
938 |a Coutts Information Services  |b COUT  |n 9029481 
938 |a YBP Library Services  |b YANK  |n 2931962 
945 |a PromptCat  |b 714874 
946 |a stk 
947 |a A14840101885 
994 |a 92  |b TXA 
948 |a cataloged  |b h  |d 2009/6/12  |h c  |e asalazar  |f 2:57:22 pm 
999 |a MARS 
999 f f |s 7f128053-e23b-326b-9419-f818633ded79  |i 10f6635d-1a3f-3fbe-bb62-d50fbb78a462  |t 0 
952 f f |p normal  |a Texas A&M University  |b College Station  |c Sterling C. Evans Library  |d Evans: Library Stacks  |t 0  |e E449 .B7155 2009  |h Library of Congress classification  |i unmediated -- volume  |m A14840101885 
998 f f |a E449 .B7155 2009  |t 0  |l Evans: Library Stacks